Loading...
| Fine Arts - Other | 0 | 5 | 2 | 1 | 40 | 68 | 97.00 | 1 | 4 | 0.00 | 0.00 |
| History - World | 0 | 4 | 1 | 1 | 35 | 43 | 84.50 | 1 | 2 | 0.00 | 0.00 |
| History - Other | 0 | 4 | 2 | 0 | 30 | 85 | 91.25 | 0 | 1 | 0.00 | 0.00 |
| History - European | 0 | 3 | 0 | 1 | 30 | 72 | 90.67 | 0 | 1 | 0.00 | 0.00 |
| History - American | 0 | 3 | 1 | 0 | 25 | 80 | 92.33 | 1 | 3 | 0.00 | 0.00 |
| Literature - European | 0 | 2 | 0 | 1 | 20 | 89 | 101.00 | 0 | 1 | 0.00 | 0.00 |
| Social Science | 0 | 1 | 0 | 0 | 10 | 89 | 89.00 | 0 | 0 | 0.00 | 0.00 |
| Fine Arts - Painting and Sculpture | 0 | 2 | 2 | 0 | 10 | 77 | 92.50 | 1 | 1 | 0.00 | 0.00 |
| Geography | 0 | 1 | 0 | 0 | 10 | 87 | 87.00 | 0 | 1 | 0.00 | 0.00 |
| Literature - American | 0 | 1 | 0 | 1 | 10 | 146 | 146.00 | 0 | 0 | 0.00 | 0.00 |
| Literature - British | 0 | 1 | 0 | 0 | 10 | 90 | 90.00 | 0 | 1 | 0.00 | 0.00 |
| Philosophy | 0 | 1 | 0 | 0 | 10 | 105 | 105.00 | 1 | 1 | 0.00 | 0.00 |
| Pop Culture | 0 | 1 | 0 | 0 | 10 | 118 | 118.00 | 0 | 1 | 0.00 | 0.00 |
| Religion | 0 | 1 | 0 | 0 | 10 | 80 | 80.00 | 0 | 0 | 0.00 | 0.00 |
| Fine Arts - Classical Music | 0 | 1 | 1 | 0 | 5 | 105 | 105.00 | 0 | 1 | 0.00 | 0.00 |
| Science - Other | 0 | 0 | 0 | 0 | 0 | 0.00 | 0 | 0 | 0.00 | 0.00 | |
| Mythology | 0 | 1 | 3 | 0 | -5 | 78 | 78.00 | 0 | 1 | 0.00 | 0.00 |